|
|
|
|
| LEADER |
00775cam a2200217 7i4500 |
| 001 |
0000032213 |
| 005 |
20150318090000.0 |
| 090 |
0 |
0 |
|a PHOT 338.7
|b MAL
|
| 110 |
2 |
0 |
|a Malaysia External Tarde Development Corporation (MATRADE)
|
| 245 |
1 |
0 |
|a Exporters Forum ( 14 October 2014, Ipoh : Perak ).
|
| 300 |
# |
# |
|a 119 Photographs:
|b col..
|
| 500 |
0 |
0 |
|a Photographs
|
| 600 |
0 |
0 |
|a Zulkepli Mohd Perai
|
| 600 |
0 |
0 |
|a Razidah Hanim Abdul Razak
|
| 600 |
0 |
0 |
|a Mohd Amin Bakar
|
| 600 |
0 |
0 |
|a Syed Mohamad Fairus Shaik Ismail
|
| 600 |
0 |
0 |
|a Zahir Abdul Kadir, Dato'
|
| 650 |
0 |
0 |
|a MATRADE --
|x Photograph Collection --
|y 2014
|
| 650 |
0 |
0 |
|a Exporters Forum - Ipoh, Perak --
|y 2014
|
| 650 |
0 |
0 |
|a Exports --
|x Training --
|z Malaysia
|
| 999 |
|
|
|a PC00001138
|b Photographs
|c Photographs
|e Business Information Centre
|